Processability characteristics and physico-mechanical properties of natural rubber modified with cashewnut shell liquid and cashewnut shell liquid-formaldehyde resin (Record no. 65751)
[ view plain ]
| 000 -LEADER | |
|---|---|
| fixed length control field | 01570nam a2200217Ia 4500 |
| 100 ## - MAIN ENTRY--AUTHOR NAME | |
| Personal name | Menon A R R |
| 245 #0 - TITLE STATEMENT | |
| Title | Processability characteristics and physico-mechanical properties of natural rubber modified with cashewnut shell liquid and cashewnut shell liquid-formaldehyde resin |
| 260 ## - PUBLICATION, DISTRIBUTION, ETC. (IMPRINT) | |
| Name of publisher | European Polymer Journal |
| Year of publication | 2002 |
| 300 ## - PHYSICAL DESCRIPTION | |
| Number of Pages | 163-168 |
| 520 ## - SUMMARY, ETC. | |
| Summary, etc | Natural rubber (NR) has been modified with 5-15 phr each of cashewnut shell liquid (CNSL) and cashewnut shell liquid-formaldehyde (CNSLF) resin with a view to studying the processability characteristics of the mixes and physicomechanical properties of their vulcanizates. The plasticizing effect of these additives in NR was shown by the reduction in melt viscosity and power consumption during mixing in a Brabender Plasticorder compared to that of unmodified NR. Despite the reduction in chemical crosslink density, the vulcanizates containing 15 phr of CNSL and 5-10 phr of CNSLF showed higher tensile and tear strengths and elongation at break. The higher values of activation energy for thermal decomposition of the vulcanizates containing 15 phr each of CNSL (301 kJ/mol) indicate improvement in thermal stability of NR vulcanizates in presence of the modifiers. |
| 650 ## - SUBJECT ADDED ENTRY--TOPICAL TERM | |
| Topical Term | Cashewnut shell liquid |
| 650 ## - SUBJECT ADDED ENTRY--TOPICAL TERM | |
| Topical Term | Natural rubber |
| 650 ## - SUBJECT ADDED ENTRY--TOPICAL TERM | |
| Topical Term | Physicomechanical properties |
| 650 ## - SUBJECT ADDED ENTRY--TOPICAL TERM | |
| Topical Term | Processability characteristics |
| 700 ## - ADDED ENTRY--PERSONAL NAME | |
| Personal name | Aigbodion A I |
| 700 ## - ADDED ENTRY--PERSONAL NAME | |
| Personal name | Bhagawan S S |
| 700 ## - ADDED ENTRY--PERSONAL NAME | |
| Personal name | Mathew N M |
| 700 ## - ADDED ENTRY--PERSONAL NAME | |
| Personal name | Pillai C K S |
| 942 ## - ADDED ENTRY ELEMENTS (KOHA) | |
| Koha item type | Journals |
| Withdrawn status | Lost status | Damaged status | Not for loan | Home library | Current library | Shelving location | Date acquired | Serial Enumeration / chronology | Koha item type |
|---|---|---|---|---|---|---|---|---|---|
| Journals | RRII Library | RRII Library | Rubber chemistry | 31/01/2002 | Volume 38, Issue | Journals |